00460nam a2200193Ia 4500003000900000008004100009040001300050040001300063041000800076100002000084245008600104250001100190260001200201260000900213300001100222300001000233490000600243700001700249IT-RoPAU120407s9999 xx 000 0 und d aIT-RoPAU cIT-RoPAU aita aAlberto Zacutti aNon sparate agli uccellini. Un’inchiesta sulla mortalità€ infantile in Italia. aMilano aRizzoli c1973 a184 p. c20 cm v1 aLucio Rosaia